مكتبة جامعة عجلون الوطنية

فهرس بحث المكتبة

Normal view MARC view
  • تاليف الموسى، عصام سليمان، م. مشارك البطاينة، محمد راتب عامر؛ الصواف، هشام تقديم؛ العمر، محمد محمود راجع العربية؛ الموسى، عصام سليمان راجع النص

Entry Personal Name

Number of records used in: 1

001 - CONTROL NUMBER

  • control field: 49564

003 - CONTROL NUMBER IDENTIFIER

  • control field: JO-AjAnu

005 - DATE AND TIME OF LATEST TRANSACTION

  • control field: 20230606082151.0

008 - FIXED-LENGTH DATA ELEMENTS

  • fixed length control field: 230606|| aca||aabn | a|a d

040 ## - CATALOGING SOURCE

  • Original cataloging agency: JO-AjAnu
  • Transcribing agency: JO-AjAnu

100 ## - HEADING--PERSONAL NAME

  • Personal name: تاليف الموسى، عصام سليمان، م. مشارك البطاينة، محمد راتب عامر؛ الصواف، هشام تقديم؛ العمر، محمد محمود راجع العربية؛ الموسى، عصام سليمان راجع النص

670 ## - SOURCE DATA FOUND

  • Source citation: Work cat.: (JO-AjAnu)25345: تاليف الموسى، عصام سليمان، م. مشارك البطاينة، محمد راتب عامر؛ الصواف، هشام تقديم؛ العمر، محمد محمود راجع العربية؛ الموسى، عصام سليمان راجع النص, author, الصورة العربية في الصحافة الأمريكية = The Arab image in the U. S. Press. Arabic